[Event "FICGS W-ch st1 g07 email"]
[Site "FICGS email"]
[Date "2008.07.08"]
[Round "1"]
[White "Cook, Phil"]
[Black "Broccardo, Nicola"]
[Result "0-1"]
[WhiteElo "1336"]
[BlackElo "1611"]
[PlyCount "60"]
[EventDate "2008.??.??"]
[EventType "tourn (corr)"]
[EventRounds "8"]
[SourceTitle "Corr 2022"]
[Source "ChessBase"]
[SourceDate "2021.10.24"]
[SourceVersion "1"]
[SourceVersionDate "2021.10.24"]
[SourceQuality "1"]

1. e4 d6 2. d4 Nf6 3. Nc3 g6 4. Bf4 Bg7 5. e5 dxe5 6. Bxe5 Nc6 7. h3 Nxe5 8. dxe5 Qxd1+ 9. Nxd1 Nd5 10. Ne3 Nxe3 11. fxe3 Bxe5 12. 0-0-0 Be6 13. Kb1 0-0 14. Nf3 Bg7 15. Be2 c5 16. c4 h6 17. Rd2 a5 18. Rhd1 a4 19. a3 Rab8 20. Bd3 b5 21. cxb5 c4 22. Bc2 Rxb5 23. Bxa4 Rb6 24. Nd4 Rfb8 25. Nxe6 Rxb2+ 26. Rxb2 Rxb2+ 27. Kc1 fxe6 28. Rd2 Rb6 29. Be8 g5 30. Rf2 Bf6 0-1

[Event "FICGS W-ch st1 g07 email"]
[Site "FICGS email"]
[Date "2008.07.08"]
[Round "1"]
[White "Kirali, Hasan"]
[Black "Broccardo, Nicola"]
[Result "1-0"]
[WhiteElo "1739"]
[BlackElo "1611"]
[PlyCount "37"]
[EventDate "2008.??.??"]
[EventType "tourn (corr)"]
[EventRounds "8"]
[SourceTitle "Corr 2022"]
[Source "ChessBase"]
[SourceDate "2021.10.24"]
[SourceVersion "1"]
[SourceVersionDate "2021.10.24"]
[SourceQuality "1"]

1. e4 d6 2. Nc3 Nf6 3. d4 g6 4. f4 Bg7 5. Nf3 0-0 6. Bd3 Bg4 7. h3 Bxf3 8. Qxf3 Nbd7 9. e5 dxe5 10. dxe5 Ne8 11. Be3 e6 12. 0-0-0 c5 13. Bb5 a6 14. Rxd7 axb5 15. Rxd8 Rxd8 16. Bxc5 Nc7 17. Bxf8 Kxf8 18. Qxb7 Bh6 19. Qxc7 1-0

[Event "FICGS class C 000084 email"]
[Site "FICGS email"]
[Date "2008.06.12"]
[Round "1"]
[White "Broccardo, Nicola"]
[Black "Laine, Jari"]
[Result "0-1"]
[WhiteElo "1733"]
[BlackElo "1724"]
[PlyCount "38"]
[EventDate "2008.??.??"]
[EventType "tourn (corr)"]
[EventRounds "4"]
[SourceTitle "Corr 2022"]
[Source "ChessBase"]
[SourceDate "2021.10.24"]
[SourceVersion "1"]
[SourceVersionDate "2021.10.24"]
[SourceQuality "1"]

1. c4 f5 2. Nc3 Nf6 3. Nf3 g6 4. d4 Bg7 5. g3 c6 6. Bg2 0-0 7. 0-0 d6 8. Re1 Ne4 9. Nxe4 fxe4 10. Ng5 d5 11. cxd5 cxd5 12. Bf4 Nc6 13. e3 h6 14. Nh3 Be6 15. Qd2 Qd7 16. f3 exf3 17. Bxf3 Bxh3 18. Re2 g5 19. Bxd5+ Qxd5 0-1

[Event "FICGS theme 0000 email"]
[Site "FICGS email"]
[Date "2008.06.09"]
[Round "1"]
[White "Wolf, Bernd"]
[Black "Broccardo, Nicola"]
[Result "1-0"]
[WhiteElo "1400"]
[BlackElo "1733"]
[PlyCount "43"]
[EventDate "2008.??.??"]
[EventType "swiss (corr)"]
[EventRounds "1"]
[SourceTitle "Corr 2022"]
[Source "ChessBase"]
[SourceDate "2021.10.24"]
[SourceVersion "1"]
[SourceVersionDate "2021.10.24"]
[SourceQuality "1"]

1. f4 e5 2. fxe5 Nc6 3. Nf3 d6 4. d4 dxe5 5. d5 Nd4 6. Nxd4 Qh4+ 7. g3 Qxd4 8. Qxd4 exd4 9. Bg2 Bd6 10. Nd2 Nf6 11. Nb3 d3 12. cxd3 0-0 13. Bg5 Nd7 14. Rc1 b6 15. Nd4 h6 16. Bf4 Nc5 17. Nb5 Bxf4 18. gxf4 Bb7 19. Kf2 Rfd8 20. Rhd1 Rd7 21. d4 a6 22. Nc3 1-0

[Event "FICGS theme 0000 email"]
[Site "FICGS email"]
[Date "2008.01.12"]
[Round "1"]
[White "Broccardo, Nicola"]
[Black "Parmet, Daniel Edward"]
[Result "1-0"]
[WhiteElo "1692"]
[BlackElo "1614"]
[PlyCount "43"]
[EventDate "2008.??.??"]
[EventType "swiss (corr)"]
[EventRounds "1"]
[SourceTitle "Corr 2022"]
[Source "ChessBase"]
[SourceDate "2021.10.24"]
[SourceVersion "1"]
[SourceVersionDate "2021.10.24"]
[SourceQuality "1"]

1. e4 e5 2. Nf3 Nc6 3. Bc4 Nf6 4. Ng5 Bc5 5. Nxf7 Bxf2+ 6. Kf1 Qe7 7. Nxh8 d5 8. exd5 Nd4 9. d6 Qxd6 10. Nf7 Qc5 11. d3 Bh4 12. b4 Qb6 13. Nxe5 Nb3 14. Qe2 Nxa1 15. Nf3+ Kd8 16. Nxh4 Qxb4 17. Na3 Bd7 18. Nf3 b5 19. Bxb5 Bxb5 20. Qe5 Bc6 21. Qxa1 Bd5 22. Qe5 1-0

[Event "FICGS theme 0000 email"]
[Site "FICGS email"]
[Date "2008.01.12"]
[Round "1"]
[White "Wilson, Norman"]
[Black "Broccardo, Nicola"]
[Result "1-0"]
[WhiteElo "1576"]
[BlackElo "1692"]
[PlyCount "73"]
[EventDate "2008.??.??"]
[EventType "swiss (corr)"]
[EventRounds "1"]
[SourceTitle "Corr 2022"]
[Source "ChessBase"]
[SourceDate "2021.10.24"]
[SourceVersion "1"]
[SourceVersionDate "2021.10.24"]
[SourceQuality "1"]

1. e4 e5 2. Nf3 Nc6 3. Bc4 Nf6 4. Ng5 Bc5 5. Nxf7 Bxf2+ 6. Kf1 Qe7 7. Nxh8 Bb6 8. d3 Qf8 9. Bf7+ Kd8 10. Nc3 Qxh8 11. Bg5 h6 12. Qh5 Qf8 13. Bxf6+ gxf6 14. Qg6 Ne7 15. Qxf6 c6 16. Ke2 d6 17. Qxd6+ Bd7 18. Be6 Qe8 19. Rhf1 Bc7 20. Bxd7 Bxd6 21. Bxe8 Kxe8 22. Rf6 Kd7 23. Rxh6 Rg8 24. g3 Rg7 25. Rf1 Ng8 26. Rh8 b5 27. Nd1 a5 28. Ne3 Ne7 29. Nf5 Rg6 30. Rh7 a4 31. Nxe7 Bxe7 32. Rff7 Re6 33. c3 Kd6 34. Rxe7 Rxe7 35. Rxe7 Kxe7 36. Kf3 c5 37. h4 1-0

[Event "FICGS class D 000064 email"]
[Site "FICGS email"]
[Date "2007.10.19"]
[Round "1"]
[White "Broccardo, Nicola"]
[Black "Ruano, Pablo"]
[Result "0-1"]
[WhiteElo "1514"]
[BlackElo "1667"]
[PlyCount "116"]
[EventDate "2007.??.??"]
[EventType "tourn (corr)"]
[EventRounds "6"]
[SourceTitle "Corr 2022"]
[Source "ChessBase"]
[SourceDate "2021.10.24"]
[SourceVersion "1"]
[SourceVersionDate "2021.10.24"]
[SourceQuality "1"]

1. c4 e5 2. Nc3 Nf6 3. Nf3 Nc6 4. g3 Bb4 5. Bg2 d5 6. cxd5 Nxd5 7. 0-0 Be6 8. Nxd5 Bxd5 9. d3 0-0 10. a3 Be7 11. e4 Be6 12. Be3 Bf6 13. Qd2 a6 14. Rac1 Qd7 15. Rc3 Rfe8 16. Rfc1 Red8 17. Ng5 Bg4 18. Nf3 Bh3 19. Bh1 Qg4 20. Qd1 Qg6 21. Qd2 Bg4 22. Bg2 Qh5 23. Rxc6 bxc6 24. Ne1 Be7 25. Rxc6 Bd6 26. Qa5 Bd7 27. Rxa6 Rxa6 28. Qxa6 Qe2 29. Qa5 Qxb2 30. Bc5 Qb5 31. Qxb5 Bxb5 32. Bxd6 cxd6 33. f4 Ra8 34. Kf2 Rxa3 35. Bf1 exf4 36. gxf4 Ra2+ 37. Be2 f5 38. exf5 d5 39. h4 Kf8 40. Ke3 d4+ 41. Kf2 Kf7 42. Nf3 Kf6 43. Nxd4 Bxd3 44. Kf3 Bb1 45. Nb5 Bxf5 46. Ke3 Rb2 47. Nd4 Bg6 48. Bg4 Ra2 49. f5 h5 50. Be2 Be8 51. Kf4 Ra4 52. Ke3 Ke5 53. Ne6 Rxh4 54. Nxg7 Rh3+ 55. Kd2 Bf7 56. Bf1 Rh1 57. Be2 h4 58. Bf3 Rg1 0-1

[Event "FICGS class D 000064 email"]
[Site "FICGS email"]
[Date "2007.10.19"]
[Round "1"]
[White "Lubeck, Kate"]
[Black "Broccardo, Nicola"]
[Result "0-1"]
[WhiteElo "1600"]
[BlackElo "1514"]
[PlyCount "70"]
[EventDate "2007.??.??"]
[EventType "tourn (corr)"]
[EventRounds "6"]
[SourceTitle "Corr 2022"]
[Source "ChessBase"]
[SourceDate "2021.10.24"]
[SourceVersion "1"]
[SourceVersionDate "2021.10.24"]
[SourceQuality "1"]

1. e4 d6 2. Bb5+ c6 3. Bc4 Nf6 4. f3 b5 5. Be2 e5 6. Nh3 Bxh3 7. gxh3 Be7 8. Nc3 Qd7 9. Bf1 b4 10. Na4 Nh5 11. d3 Bh4+ 12. Ke2 c5 13. Rg1 Qxa4 14. b3 Qd7 15. Rg4 Bd8 16. Rg5 Bxg5 17. Bxg5 Nc6 18. a3 0-0 19. axb4 cxb4 20. Ra6 Nd4+ 21. Ke1 Rfc8 22. Be3 Nxc2+ 23. Kd2 Nxe3 24. Kxe3 Rc6 25. Ra4 Nf4 26. h4 a5 27. Qa1 Qa7+ 28. d4 Rc3+ 29. Kd2 Qxd4+ 30. Ke1 Qe3+ 31. Kd1 Qxf3+ 32. Ke1 Re3+ 33. Kd2 Qf2+ 34. Be2 Qxe2+ 35. Kc1 Qf1+ 0-1

[Event "FICGS rapid B 000072 email"]
[Site "FICGS email"]
[Date "2007.10.17"]
[Round "1"]
[White "Alexandru, Ghiura"]
[Black "Broccardo, Nicola"]
[Result "0-1"]
[WhiteElo "1800"]
[BlackElo "1514"]
[PlyCount "50"]
[EventDate "2007.??.??"]
[EventType "tourn (rapid)"]
[EventRounds "6"]
[SourceTitle "Corr 2022"]
[Source "ChessBase"]
[SourceDate "2021.10.24"]
[SourceVersion "1"]
[SourceVersionDate "2021.10.24"]
[SourceQuality "1"]

1. d4 Nf6 2. Nf3 d6 3. c4 g6 4. Nc3 Bg7 5. g3 Bg4 6. Bg2 0-0 7. 0-0 Nc6 8. Be3 Qd7 9. Nd2 Bh3 10. f3 Bxg2 11. Kxg2 d5 12. Bf2 e6 13. Rc1 Rad8 14. cxd5 Nxd5 15. e3 Nxc3 16. Rxc3 e5 17. Nb3 exd4 18. exd4 Rfe8 19. Re1 Rxe1 20. Bxe1 Nxd4 21. Rd3 b6 22. Nxd4 Bxd4 23. b4 c5 24. a4 Qd5 25. Bf2 Qc4 0-1

[Event "FICGS rapid B 000072 email"]
[Site "FICGS email"]
[Date "2007.10.17"]
[Round "1"]
[White "Chincea, Cristi"]
[Black "Broccardo, Nicola"]
[Result "0-1"]
[WhiteElo "1600"]
[BlackElo "1514"]
[PlyCount "54"]
[EventDate "2007.??.??"]
[EventType "tourn (rapid)"]
[EventRounds "6"]
[SourceTitle "Corr 2022"]
[Source "ChessBase"]
[SourceDate "2021.10.24"]
[SourceVersion "1"]
[SourceVersionDate "2021.10.24"]
[SourceQuality "1"]

1. d4 Nf6 2. c4 g6 3. Nf3 d6 4. Nc3 Bg7 5. b3 0-0 6. Bb2 c5 7. e3 cxd4 8. exd4 e5 9. dxe5 dxe5 10. Nxe5 Qxd1+ 11. Rxd1 Re8 12. Ne2 Nc6 13. Nxc6 bxc6 14. g3 Bg4 15. Bxf6 Bxf6 16. Rd6 Bf3 17. Rg1 Be7 18. Rd3 Bb4+ 19. Kd1 Rad8 20. Rxd8 Rxd8+ 21. Kc2 Rd2+ 22. Kc1 Bxe2 23. Bg2 c5 24. a3 Bc3 25. Bc6 Bd3 26. Ba4 Ra2 27. Rd1 Ra1# 0-1

[Event "FICGS rapid B 000070 email"]
[Site "FICGS email"]
[Date "2007.10.07"]
[Round "1"]
[White "Clement, Etienne"]
[Black "Broccardo, Nicola"]
[Result "1-0"]
[WhiteElo "1712"]
[BlackElo "1514"]
[PlyCount "131"]
[EventDate "2007.??.??"]
[EventType "tourn (rapid)"]
[EventRounds "6"]
[SourceTitle "Corr 2022"]
[Source "ChessBase"]
[SourceDate "2021.10.24"]
[SourceVersion "1"]
[SourceVersionDate "2021.10.24"]
[SourceQuality "1"]

1. e4 d6 2. d4 Nf6 3. Nc3 g6 4. f4 Bg7 5. Nf3 0-0 6. Be3 Bg4 7. Qd2 e6 8. Ng5 Nh5 9. h3 Ng3 10. hxg4 Nxh1 11. 0-0-0 Ng3 12. Bc4 Nxe4 13. Ngxe4 d5 14. Bb3 dxe4 15. Nxe4 Qd7 16. Nc5 Qc8 17. d5 exd5 18. Qxd5 c6 19. Qg5 Qe8 20. f5 h6 21. Qf4 g5 22. Qf3 Qe7 23. Bf2 b6 24. Nd3 Rc8 25. Re1 Qd8 26. Qe4 Nd7 27. Qe7 Qxe7 28. Rxe7 Nf6 29. Rxf7 Kh7 30. Bd4 Rf8 31. Re7 Rad8 32. Bc3 a5 33. Be6 c5 34. Bxf6 Rxf6 35. Ne5 Rd6 36. Nd7 Rfxe6 37. Nf8+ Kg8 38. Nxe6 Bf6 39. Rb7 Be5 40. a4 Bf4+ 41. Kb1 Be5 42. c3 c4 43. Rb8+ Kf7 44. Kc1 Bf4+ 45. Nxf4 gxf4 46. Rc8 Kf6 47. Rxc4 Kg5 48. Re4 Kxg4 49. Re6 Rd7 50. Rxb6 Kxf5 51. Rxh6 Rg7 52. Rh2 Kg4 53. Rh8 Kg3 54. Rf8 Rg4 55. Kd2 Kxg2 56. Ke2 Kg3 57. b4 Rg6 58. b5 Re6+ 59. Kd3 f3 60. c4 f2 61. c5 Re8 62. Rxf2 Kxf2 63. b6 Rb8 64. Kc4 Ke3 65. Kb5 Kd4 66. c6 1-0

[Event "FICGS class D 000061 email"]
[Site "FICGS email"]
[Date "2007.10.05"]
[Round "1"]
[White "Broccardo, Nicola"]
[Black "Sosa Landa, Hugo Rafael"]
[Result "1-0"]
[WhiteElo "1514"]
[BlackElo "1600"]
[PlyCount "45"]
[EventDate "2007.??.??"]
[EventType "tourn (corr)"]
[EventRounds "6"]
[SourceTitle "Corr 2024"]
[Source "ChessBase"]
[SourceDate "2023.10.19"]
[SourceVersion "1"]
[SourceVersionDate "2023.10.19"]
[SourceQuality "1"]

1. c4 f5 2. Nf3 e6 3. Nc3 Nf6 4. d4 d5 5. Bg5 c6 6. e3 Be7 7. cxd5 exd5 8. Bd3 0-0 9. 0-0 Ne4 10. Bxe7 Qxe7 11. Qb3 Kh8 12. Ne2 g5 13. Bxe4 fxe4 14. Ne5 Nd7 15. Nxd7 Qxd7 16. Rac1 Qg4 17. Rc2 Rf7 18. Qa3 Be6 19. Ng3 a6 20. f3 exf3 21. Rxf3 Rxf3 22. gxf3 Qh4 23. Qe7 1-0

[Event "FICGS class D 000061 email"]
[Site "FICGS email"]
[Date "2007.10.05"]
[Round "1"]
[White "Broccardo, Nicola"]
[Black "Warding, Jonas"]
[Result "1-0"]
[WhiteElo "1514"]
[BlackElo "1600"]
[PlyCount "59"]
[EventDate "2007.??.??"]
[EventType "tourn (corr)"]
[EventRounds "6"]
[SourceTitle "Corr 2022"]
[Source "ChessBase"]
[SourceDate "2021.10.24"]
[SourceVersion "1"]
[SourceVersionDate "2021.10.24"]
[SourceQuality "1"]

1. c4 e5 2. Nc3 Nf6 3. e4 Bc5 4. Be2 0-0 5. Nf3 d6 6. 0-0 Re8 7. d3 Nc6 8. Bg5 h6 9. Bxf6 Qxf6 10. Nd5 Qd8 11. Rc1 Nd4 12. b4 Nxe2+ 13. Qxe2 Bd4 14. Nxd4 exd4 15. a4 Be6 16. Qb2 Bxd5 17. cxd5 Qd7 18. a5 Rac8 19. Qxd4 Qa4 20. Rc4 c5 21. bxc5 Qxa5 22. cxd6 Rxc4 23. dxc4 b6 24. h3 Rd8 25. e5 Qc5 26. Qxc5 bxc5 27. Ra1 f6 28. f4 fxe5 29. fxe5 Rd7 30. Ra6 1-0

[Event "FICGS rapid B 000067 email"]
[Site "FICGS email"]
[Date "2007.09.21"]
[Round "1"]
[White "Broccardo, Nicola"]
[Black "Dats, Dmitry"]
[Result "1/2-1/2"]
[WhiteElo "1514"]
[BlackElo "1600"]
[PlyCount "52"]
[EventDate "2007.??.??"]
[EventType "tourn (rapid)"]
[EventRounds "6"]
[SourceTitle "Corr 2022"]
[Source "ChessBase"]
[SourceDate "2021.10.24"]
[SourceVersion "1"]
[SourceVersionDate "2021.10.24"]
[SourceQuality "1"]

1. c4 Nf6 2. Nc3 g6 3. e4 d6 4. d4 Bg7 5. Be2 0-0 6. Nf3 e5 7. dxe5 dxe5 8. 0-0 h6 9. Nxe5 Nxe4 10. Nxe4 Bxe5 11. Qxd8 Rxd8 12. Bxh6 Bxb2 13. Rab1 Bg7 14. Bxg7 Kxg7 15. Bf3 Nd7 16. Rfd1 Re8 17. Nc3 c6 18. Rb2 Nc5 19. Rbd2 g5 20. g3 Bf5 21. Rd4 Re5 22. h4 Rh8 23. hxg5 Ne6 24. R4d2 Nxg5 25. Be2 b6 26. Rb2 Ree8 1/2-1/2

[Event "FICGS rapid B 000067 email"]
[Site "FICGS email"]
[Date "2007.09.21"]
[Round "1"]
[White "Kleinpeter, Edouard"]
[Black "Broccardo, Nicola"]
[Result "0-1"]
[WhiteElo "1499"]
[BlackElo "1514"]
[PlyCount "22"]
[EventDate "2007.??.??"]
[EventType "tourn (rapid)"]
[EventRounds "6"]
[SourceTitle "Corr 2022"]
[Source "ChessBase"]
[SourceDate "2021.10.24"]
[SourceVersion "1"]
[SourceVersionDate "2021.10.24"]
[SourceQuality "1"]

1. e4 d6 2. d4 Nf6 3. Nc3 g6 4. Bg5 Bg7 5. Qd2 h5 6. 0-0-0 c6 7. Bc4 b5 8. Bb3 b4 9. Bxf6 bxc3 10. Qxc3 exf6 11. Qxc6+ Nxc6 0-1

[Event "FICGS rapid B 000067 email"]
[Site "FICGS email"]
[Date "2007.09.21"]
[Round "1"]
[White "Smith, Harry"]
[Black "Broccardo, Nicola"]
[Result "0-1"]
[WhiteElo "1500"]
[BlackElo "1514"]
[PlyCount "48"]
[EventDate "2007.??.??"]
[EventType "tourn (rapid)"]
[EventRounds "6"]
[SourceTitle "Corr 2022"]
[Source "ChessBase"]
[SourceDate "2021.10.24"]
[SourceVersion "1"]
[SourceVersionDate "2021.10.24"]
[SourceQuality "1"]

1. e4 d6 2. d3 Nf6 3. Nf3 g6 4. g3 Bg7 5. Bg2 0-0 6. 0-0 Bg4 7. Nbd2 c5 8. Re1 Nc6 9. h3 Bd7 10. Nf1 Qc8 11. N1h2 Bxh3 12. Ng5 Bxg2 13. Kxg2 Ne5 14. Nhf3 Nc6 15. d4 cxd4 16. Nxd4 Nxd4 17. Qxd4 Qxc2 18. e5 dxe5 19. Qxe5 Qxf2+ 20. Kh1 Nh5 21. Be3 Nxg3+ 22. Qxg3 Qxg3 23. Bd2 Rad8 24. Rg1 Qh4+ 0-1

[Event "FICGS class D 000058 email"]
[Site "FICGS email"]
[Date "2007.09.10"]
[Round "1"]
[White "Broccardo, Nicola"]
[Black "Kis Kos, Laszlo"]
[Result "1/2-1/2"]
[WhiteElo "1514"]
[BlackElo "1546"]
[PlyCount "48"]
[EventDate "2007.??.??"]
[EventType "tourn (corr)"]
[EventRounds "6"]
[SourceTitle "Corr 2022"]
[Source "ChessBase"]
[SourceDate "2021.10.24"]
[SourceVersion "1"]
[SourceVersionDate "2021.10.24"]
[SourceQuality "1"]

1. c4 Nf6 2. Nc3 d5 3. cxd5 Nxd5 4. d4 g6 5. e4 Nxc3 6. bxc3 Bg7 7. Nf3 c5 8. Bb5+ Bd7 9. Bxd7+ Qxd7 10. 0-0 cxd4 11. cxd4 Nc6 12. Be3 0-0 13. d5 Ne5 14. Nxe5 Bxe5 15. Rb1 Rac8 16. Bxa7 Ra8 17. Be3 Rxa2 18. Qb3 Qa4 19. Bc5 Re8 20. Qxa4 Rxa4 21. f4 Bc3 22. Rf3 Bd4+ 23. Bxd4 Rxd4 24. e5 Rxd5 1/2-1/2

[Event "FICGS W-ch st1 g18 email"]
[Site "FICGS email"]
[Date "2007.07.30"]
[Round "1"]
[White "Broccardo, Nicola"]
[Black "Prcin, Ivo"]
[Result "1-0"]
[WhiteElo "1489"]
[BlackElo "1429"]
[PlyCount "67"]
[EventDate "2007.??.??"]
[EventType "tourn (corr)"]
[EventRounds "8"]
[SourceTitle "Corr 2022"]
[Source "ChessBase"]
[SourceDate "2021.10.24"]
[SourceVersion "1"]
[SourceVersionDate "2021.10.24"]
[SourceQuality "1"]

1. c4 Nf6 2. Nc3 g6 3. g3 e6 4. Nf3 Bg7 5. e4 d6 6. Bg2 0-0 7. d4 Nc6 8. 0-0 Ne7 9. Re1 Nd7 10. Be3 b6 11. Qd2 Bb7 12. Bh6 d5 13. Bxg7 Kxg7 14. cxd5 exd5 15. e5 c5 16. e6 Nf6 17. Ng5 Bc8 18. Nxf7 Rxf7 19. exf7 Kxf7 20. dxc5 bxc5 21. Rxe7+ Qxe7 22. Bxd5+ Nxd5 23. Qxd5+ Be6 24. Qxa8 c4 25. Re1 Qd7 26. Qe4 Bf5 27. Qxc4+ Kg7 28. Rd1 Qe7 29. Qd4+ Kh6 30. Nd5 Qf7 31. Ne3 Be6 32. Qe5 Bc8 33. Rd4 g5 34. Rd6+ 1-0

[Event "FICGS class D 000043 email"]
[Site "FICGS email"]
[Date "2007.05.01"]
[Round "1"]
[White "Broccardo, Nicola"]
[Black "Lopez, Victor"]
[Result "0-1"]
[WhiteElo "1536"]
[BlackElo "1627"]
[PlyCount "104"]
[EventDate "2007.??.??"]
[EventType "tourn (corr)"]
[EventRounds "6"]
[SourceTitle "Corr 2022"]
[Source "ChessBase"]
[SourceDate "2021.10.24"]
[SourceVersion "1"]
[SourceVersionDate "2021.10.24"]
[SourceQuality "1"]

1. c4 e5 2. Nc3 Nf6 3. Nf3 Nc6 4. e3 Bb4 5. Qc2 d6 6. Nd5 Bc5 7. a3 a5 8. Be2 Be6 9. Nxf6+ Qxf6 10. Bd3 h6 11. 0-0 a4 12. Be4 0-0 13. Bxc6 bxc6 14. d3 Qg6 15. Kh1 Bg4 16. Ng1 Rfb8 17. f3 Be6 18. Ne2 Rb3 19. e4 Bd4 20. Nxd4 exd4 21. Bf4 Rab8 22. Rab1 Qf6 23. Qd2 c5 24. Kg1 R8b7 25. Rfd1 Qd8 26. Qc2 Bd7 27. Rd2 Qb8 28. e5 dxe5 29. Bxe5 Qd8 30. Bg3 Qg5 31. Re1 Bf5 32. Qd1 Rxb2 33. Rxb2 Rxb2 34. Kh1 f6 35. Qxa4 Bxd3 36. Rg1 Kh7 37. Qa6 Qf5 38. Bxc7 Be2 39. Qd6 Bxf3 40. Qf4 Qxf4 41. Bxf4 Be2 42. Ra1 d3 43. Kg1 d2 44. Bxd2 Rxd2 45. g3 Rd1+ 46. Rxd1 Bxd1 47. Kf2 Bb3 48. Ke3 Bxc4 49. a4 Ba6 50. a5 Kg6 51. Ke4 Kg5 52. h3 f5+ 0-1

[Event "FICGS class D 000043 email"]
[Site "FICGS email"]
[Date "2007.05.01"]
[Round "1"]
[White "Broccardo, Nicola"]
[Black "Szabo, Sandor"]
[Result "0-1"]
[WhiteElo "1536"]
[BlackElo "1432"]
[PlyCount "70"]
[EventDate "2007.??.??"]
[EventType "tourn (corr)"]
[EventRounds "6"]
[SourceTitle "Corr 2022"]
[Source "ChessBase"]
[SourceDate "2021.10.24"]
[SourceVersion "1"]
[SourceVersionDate "2021.10.24"]
[SourceQuality "1"]

1. c4 e6 2. Nf3 Nf6 3. Nc3 d5 4. cxd5 exd5 5. e3 Bd6 6. d4 0-0 7. Bd3 c6 8. 0-0 Re8 9. Re1 Ne4 10. Qc2 Qe7 11. Bxe4 dxe4 12. Nd2 Na6 13. Ndxe4 Bf5 14. f3 Bxh2+ 15. Kf2 Nb4 16. Qd2 Qh4+ 17. Ke2 Bc7 18. a3 Nd5 19. Nxd5 cxd5 20. Nf2 Qh2 21. g4 Bg3 22. Rf1 Bg6 23. Kd1 Rac8 24. Nd3 Qh3 25. Qe2 Rc4 26. Bd2 Rxd4 27. exd4 Rxe2 28. Kxe2 Qg2+ 29. Nf2 f5 30. Be3 f4 31. Rg1 Bd3+ 32. Kxd3 Qxf3 33. Nd1 Bh4 34. Nc3 Bf2 35. Kc2 fxe3 0-1

[Event "FICGS class D 000043 email"]
[Site "FICGS email"]
[Date "2007.05.01"]
[Round "1"]
[White "Kis Kos, Laszlo"]
[Black "Broccardo, Nicola"]
[Result "1-0"]
[WhiteElo "1512"]
[BlackElo "1536"]
[PlyCount "91"]
[EventDate "2007.??.??"]
[EventType "tourn (corr)"]
[EventRounds "6"]
[SourceTitle "Corr 2022"]
[Source "ChessBase"]
[SourceDate "2021.10.24"]
[SourceVersion "1"]
[SourceVersionDate "2021.10.24"]
[SourceQuality "1"]

1. e4 d6 2. d4 Nf6 3. Nc3 g6 4. Nf3 Bg7 5. Be2 0-0 6. 0-0 Bg4 7. Be3 Nc6 8. d5 Bxf3 9. Bxf3 Ne5 10. Be2 c6 11. a4 cxd5 12. exd5 Qd7 13. Bd4 a6 14. f4 Neg4 15. h3 Nh6 16. g4 Ne8 17. f5 g5 18. Bxg7 Kxg7 19. f6+ exf6 20. Qd4 Qc7 21. Ne4 Qe7 22. Bd3 Ng8 23. Nxg5 Qe5 24. Qxe5 fxe5 25. Nxh7 Nef6 26. Nxf8 Rxf8 27. c4 Ne7 28. Rae1 b6 29. b4 Rh8 30. Kg2 b5 31. axb5 axb5 32. c5 Nexd5 33. cxd6 Rd8 34. Bxb5 Rxd6 35. Rxe5 Nxb4 36. Kg3 Rd4 37. Rf4 Rd5 38. Rxd5 Nbxd5 39. Rd4 Ne7 40. h4 Nh7 41. Re4 Ng6 42. Re1 Ngf8 43. Bc4 Ng6 44. h5 Ngf8 45. Kf4 Kh6 46. Bxf7 1-0

[Event "FICGS rapid B 000050 email"]
[Site "FICGS email"]
[Date "2007.04.30"]
[Round "1"]
[White "Broccardo, Nicola"]
[Black "Pech, Jaroslav Sr"]
[Result "0-1"]
[WhiteElo "1468"]
[BlackElo "1495"]
[PlyCount "86"]
[EventDate "2007.??.??"]
[EventType "tourn (rapid)"]
[EventRounds "6"]
[SourceTitle "Corr 2022"]
[Source "ChessBase"]
[SourceDate "2021.10.24"]
[SourceVersion "1"]
[SourceVersionDate "2021.10.24"]
[SourceQuality "1"]

1. c4 e5 2. Nc3 Nc6 3. Nf3 f5 4. e4 fxe4 5. Nxe4 Nf6 6. Bd3 d5 7. Nxf6+ gxf6 8. Nh4 Be6 9. Qh5+ Bf7 10. Bg6 hxg6 11. Qxh8 Nd4 12. 0-0 g5 13. Nf3 Nxf3+ 14. gxf3 dxc4 15. b3 Qe7 16. Qh7 Bd5 17. Qf5 Qe6 18. Qxe6+ Bxe6 19. Re1 cxb3 20. d4 Bb4 21. Re3 bxa2 22. dxe5 Rd8 23. exf6 Rd1+ 24. Kg2 Kf7 25. Bb2 Rd2 26. Be5 c5 27. Rf1 b5 28. Ba1 c4 29. Re5 Bd5 30. Rxg5 c3 31. Rc1 Rd3 32. Rf5 a6 33. h4 Bb3 34. h5 c2 35. h6 Kg6 36. Rh5 Kxh5 37. h7 Rd8 38. f7 Kg6 39. h8Q Rxh8 40. Bxh8 Kxf7 41. Bb2 Bd2 42. Ra1 b4 43. Kg3 Bd5 0-1

[Event "FICGS class D 000026 email"]
[Site "FICGS email"]
[Date "2007.01.17"]
[Round "1"]
[White "Broccardo, Nicola"]
[Black "Behrmann, Klaus"]
[Result "1-0"]
[WhiteElo "1400"]
[BlackElo "1775"]
[PlyCount "33"]
[EventDate "2007.??.??"]
[EventType "tourn (corr)"]
[EventRounds "6"]
[SourceTitle "Corr 2022"]
[Source "ChessBase"]
[SourceDate "2021.10.24"]
[SourceVersion "1"]
[SourceVersionDate "2021.10.24"]
[SourceQuality "1"]

1. c4 e5 2. Nc3 Nf6 3. g3 d5 4. cxd5 Nxd5 5. Bg2 Be6 6. Nf3 Nc6 7. 0-0 f5 8. Qb3 e4 9. Ng5 Bg8 10. Qxb7 Nd4 11. e3 Nxc3 12. bxc3 Rb8 13. Qa6 Nb5 14. Ne6 Qd6 15. Qxd6 Nxd6 16. Nxc7+ Ke7 17. Na6 1-0

[Event "FICGS class D 000026 email"]
[Site "FICGS email"]
[Date "2007.01.17"]
[Round "1"]
[White "Murer, Erich"]
[Black "Broccardo, Nicola"]
[Result "0-1"]
[WhiteElo "1400"]
[BlackElo "1400"]
[PlyCount "54"]
[EventDate "2007.??.??"]
[EventType "tourn (corr)"]
[EventRounds "6"]
[SourceTitle "Corr 2022"]
[Source "ChessBase"]
[SourceDate "2021.10.24"]
[SourceVersion "1"]
[SourceVersionDate "2021.10.24"]
[SourceQuality "1"]

1. e4 d6 2. d4 Nf6 3. Nc3 g6 4. Nf3 Bg7 5. Be2 0-0 6. 0-0 Nbd7 7. e5 Ne8 8. Bf4 c6 9. Qd2 Nb6 10. h3 Be6 11. b3 f6 12. Rad1 dxe5 13. dxe5 Qxd2 14. Rxd2 Bf5 15. a4 fxe5 16. Bxe5 Bh6 17. Rd4 Nd6 18. a5 Nbc8 19. Rh4 Bg7 20. Bxg7 Kxg7 21. g4 Bd7 22. Ne5 Be8 23. Bd3 h6 24. f4 e6 25. Kg2 c5 26. Kg3 Ne7 27. Rd1 Nd5 0-1